[Event "Strasbourg II-Saverne"]
[Site "Saverne"]
[Date "2008.03.15"]
[Round "8.3"]
[White "Herbrechtsmeier, Christof"]
[Black "Schlupp, Olivier"]
[Result "1-0"]
[WhiteElo "2234"]
[BlackElo "2142"]
[PlyCount "83"]
[EventDate "2008.03.15"]
[SourceDate "2007.10.27"]

1. e4 c5 2. Nf3 d6 3. d4 cxd4 4. Nxd4 Nf6 5. Nc3 g6 6. Be3 Bg7 7. f3 Nc6 8. Bc4
O-O 9. Qd2 Bd7 10. O-O-O Rc8 11. Bb3 Ne5 12. Kb1 Re8 13. Bg5 Rc5 14. Rhe1 b5
15. f4 Nc4 16. Bxc4 bxc4 17. e5 Nd5 18. Ne4 c3 19. Qc1 cxb2 20. Qxb2 Rc4 21.
Nxd6 Nc3+ 22. Ka1 Nxd1 23. Rxd1 Bg4 24. Rd3 exd6 25. Bxd8 dxe5 26. Qb5 Rxd8 27.
Qxc4 e4 28. c3 exd3 29. Qxd3 h5 30. a4 a5 31. Kb2 Bf5 32. Qe3 Bd7 33. Nb5 Re8
34. Qa7 Re2+ 35. Kc1 Bxb5 36. axb5 Bxc3 37. Qa8+ Kg7 38. b6 Bb4 39. Qd8 Re1+
40. Kc2 Re6 41. b7 Rc6+ 42. Kb3 1-0

[Event "Strasbourg II-Saverne"]
[Site "Saverne"]
[Date "2008.03.15"]
[Round "8.4"]
[White "Ruffenach, Alain"]
[Black "Schwicker, Francois"]
[Result "1-0"]
[WhiteElo "2064"]
[BlackElo "2213"]
[PlyCount "109"]
[EventDate "2008.03.15"]
[SourceDate "2007.10.27"]

1. d4 d5 2. Nf3 Bf5 3. e3 e6 4. c4 Nc6 5. a3 Nf6 6. Nc3 Be7 7. Be2 h6 8. O-O
O-O 9. b4 Ne4 10. Bb2 dxc4 11. Bxc4 Bf6 12. Rc1 Nxc3 13. Bxc3 Bg4 14. Be2 a6
15. Qd2 Qe7 16. Ne5 Bxe5 17. Bxg4 Bd6 18. Bf3 Nd8 19. e4 c6 20. Rfe1 f6 21. d5
Nf7 22. Bg4 exd5 23. exd5 Qc7 24. g3 Ne5 25. Be6+ Kh8 26. Qe2 Rae8 27. Bd4 Qd8
28. f4 cxd5 29. fxe5 Bxe5 30. Bxe5 fxe5 31. Qxe5 Qb6+ 32. Rc5 Rf6 33. Qxd5
Rexe6 34. Rxe6 Qxe6 35. Qxe6 Rxe6 36. Kf2 Kh7 37. Rc7 Rb6 38. Rc5 Re6 39. Kf3
Kg6 40. Rc7 Rb6 41. Ke4 a5 42. Rc4 axb4 43. Rxb4 Ra6 44. a4 Ra5 45. Rb6+ Kh7
46. Rb4 Kg6 47. Kd4 h5 48. Kc4 Kh6 49. Rb6+ g6 50. Kb4 Ra7 51. h4 Kg7 52. a5
Kh7 53. Kb5 Kg7 54. Rd6 Kf7 55. Rd5 1-0

[Event "Strasbourg II-Saverne"]
[Site "Saverne"]
[Date "2008.03.15"]
[Round "8.5"]
[White "Letzelter, Jean Claude"]
[Black "Brolly, Pierre Louis"]
[Result "1-0"]
[WhiteElo "2182"]
[BlackElo "1994"]
[PlyCount "103"]
[EventDate "2008.03.15"]
[SourceDate "2007.10.27"]

1. e4 c5 2. Nf3 Nc6 3. Bb5 g6 4. O-O Bg7 5. Re1 Nf6 6. Nc3 O-O 7. d3 d6 8. Bg5
Ne5 9. Nxe5 dxe5 10. Bc4 Kh8 11. Qd2 a6 12. a4 Nd7 13. a5 Nb8 14. Bd5 f6 15.
Be3 e6 16. Bb3 Qe7 17. Na4 Nd7 18. Qc3 f5 19. f3 f4 20. Bf2 Re8 21. Nxc5 Nxc5
22. Bxc5 Qf7 23. Bd6 Qf6 24. Ba4 Rd8 25. Qc7 Rg8 26. Rad1 Qd8 27. Qc5 Bd7 28.
Bxd7 Qxd7 29. Bxe5 Rac8 30. Bxg7+ Qxg7 31. Qd6 Rgd8 32. Qb6 Qe7 33. c3 Qc5+ 34.
Qxc5 Rxc5 35. d4 Rxa5 36. Ra1 Rxa1 37. Rxa1 Kg7 38. Ra5 Kf6 39. Rc5 Rd7 40. Kf2
h6 41. Rc8 g5 42. e5+ Kg7 43. Ke2 Kf7 44. Kd3 Kg7 45. Ke4 a5 46. Rc5 b5 47.
Rxb5 a4 48. Rb6 Ra7 49. Rxe6 a3 50. bxa3 Rxa3 51. Rc6 Ra2 52. Kf5 1-0

[Event "Strasbourg II-Saverne"]
[Site "Saverne"]
[Date "2008.03.15"]
[Round "8.6"]
[White "Berring, Alain"]
[Black "Ricter, Jean Paul"]
[Result "0-1"]
[WhiteElo "2030"]
[BlackElo "2148"]
[PlyCount "76"]
[EventDate "2008.03.15"]
[SourceDate "2007.10.27"]

1. c4 Nf6 2. g3 c5 3. Bg2 d5 4. cxd5 Nxd5 5. Nc3 Nc7 6. e3 Nc6 7. Nge2 e5 8.
O-O Be7 9. f4 exf4 10. Nxf4 O-O 11. Ncd5 Nxd5 12. Nxd5 Be6 13. Nxe7+ Qxe7 14.
b3 Rad8 15. Bb2 Bd5 16. Qe2 Bxg2 17. Qxg2 Nb4 18. a3 Nd3 19. Bc3 Rfe8 20. Rf5
Qe4 21. Qh3 Rd5 22. Raf1 Rxf5 23. Qxf5 Qxf5 24. Rxf5 Rd8 25. Rf1 f6 26. Rb1 Kf7
27. b4 c4 28. a4 b6 29. Kf1 Ke6 30. Ke2 Kd5 31. Rf1 Ke4 32. g4 Rd5 33. h4 f5
34. g5 g6 35. h5 f4 36. hxg6 hxg6 37. Bf6 Rf5 38. Rh1 fxe3 0-1

[Event "Strasbourg II-Saverne"]
[Site "Saverne"]
[Date "2008.03.15"]
[Round "8.7"]
[White "Rocher, Olivier"]
[Black "Ruch, Bernard"]
[Result "1-0"]
[WhiteElo "2120"]
[BlackElo "2041"]
[PlyCount "63"]
[EventDate "2008.03.15"]
[SourceDate "2007.10.27"]

1. c4 c6 2. e4 d6 3. d4 Nf6 4. Nc3 Qc7 5. Nf3 Bg4 6. Be2 Nbd7 7. O-O e5 8. d5
Nc5 9. Nd2 Bxe2 10. Qxe2 a5 11. b3 Be7 12. Bb2 g5 13. a3 Ncd7 14. Nd1 Nf8 15.
Ne3 Ng6 16. g3 h5 17. Nf5 Bf8 18. Kh1 Ne7 19. f4 Nxf5 20. fxe5 Nxg3+ 21. hxg3
Ng4 22. exd6 Bxd6 23. Bxh8 Bxg3 24. e5 cxd5 25. cxd5 Qc5 26. Qf3 Bf4 27. Rac1
Qd4 28. Nc4 b5 29. d6 Rc8 30. d7+ Qxd7 31. Nd6+ Ke7 32. Rxc8 1-0

[Event "Strasbourg II-Saverne"]
[Site "Saverne"]
[Date "2008.03.15"]
[Round "8.8"]
[White "Kuchly, Audrey"]
[Black "Roos, Louise"]
[Result "0-1"]
[WhiteElo "1620"]
[BlackElo "1931"]
[PlyCount "44"]
[EventDate "2008.03.15"]
[SourceDate "2007.10.27"]

1. e4 c5 2. Nf3 d6 3. d4 cxd4 4. Nxd4 Nf6 5. Nc3 Nc6 6. Nf3 e6 7. Bd3 Be7 8.
Be3 Bd7 9. a3 Ng4 10. Qd2 Nxe3 11. Qxe3 Qa5 12. O-O Ne5 13. Ne2 Ng4 14. Qd2
Qxd2 15. Nxd2 Ne5 16. Nc4 Nxd3 17. cxd3 O-O 18. Rac1 Rac8 19. b3 d5 20. exd5
exd5 21. Ne5 Bb5 22. Nf4 Bd6 0-1

[Event "Epinal-Obernai"]
[Site "Besancon"]
[Date "2008.03.15"]
[Round "8.1"]
[White "Bakalarz, Mietek"]
[Black "Dittmar, Peter"]
[Result "1/2-1/2"]
[WhiteElo "2347"]
[BlackElo "2329"]
[PlyCount "82"]
[EventDate "2008.03.15"]
[SourceDate "2007.10.27"]

1. e4 c6 2. d4 d5 3. exd5 cxd5 4. Bd3 Nc6 5. c3 Qc7 6. Ne2 Bg4 7. f3 Bh5 8. Nf4
Nf6 9. Nxh5 Nxh5 10. g3 g6 11. f4 Ng7 12. Nd2 e6 13. Nf3 Be7 14. O-O Nf5 15.
Qe2 h5 16. Ne5 Nxe5 17. Qxe5 O-O-O 18. Qxc7+ Kxc7 19. Bd2 Bf6 20. Rae1 Kb8 21.
Kg2 a6 22. h3 Nd6 23. Re2 Kc8 24. Be1 Rh7 25. g4 hxg4 26. hxg4 Rdh8 27. Bg3 Bh4
28. Rh1 Bxg3 29. Rxh7 Rxh7 30. Kxg3 Kd7 31. Rh2 Rxh2 32. Kxh2 Ke7 33. g5 Kd7
34. Kg3 Kc6 35. Kf3 b5 36. Ke2 Kb6 37. Kd2 Ne8 38. b4 Kc6 39. Bc2 Nd6 40. a4
Nc4+ 41. Ke2 Nb6 1/2-1/2

[Event "Epinal-Obernai"]
[Site "Besancon"]
[Date "2008.03.15"]
[Round "8.2"]
[White "Schmider, Bernd"]
[Black "Adrian, Claude"]
[Result "1/2-1/2"]
[WhiteElo "2203"]
[BlackElo "2285"]
[PlyCount "151"]
[EventDate "2008.03.15"]
[SourceDate "2007.10.27"]

1. e4 c5 2. Nc3 g6 3. f4 Bg7 4. Nf3 Nc6 5. Bc4 a6 6. a4 e6 7. f5 Nge7 8. fxe6
dxe6 9. O-O O-O 10. d3 Nd4 11. Nxd4 cxd4 12. Ne2 Bd7 13. Bg5 f6 14. Bd2 Nc6 15.
c3 dxc3 16. Bxc3 Kh8 17. Qb3 Qe7 18. d4 Rfc8 19. Nf4 f5 20. e5 Nd8 21. Bb4 Qe8
22. Rfe1 b5 23. axb5 axb5 24. Rxa8 Rxa8 25. Be2 Bc6 26. Qh3 Ra4 27. Qc3 Qd7 28.
Rd1 Bh6 29. Rf1 Kg8 30. h3 Nf7 31. Kh2 Ng5 32. Bd3 Nf3+ 33. gxf3 Bxf4+ 34. Kg2
Qd5 35. Bc2 Ra8 36. Bb3 Qd8 37. Qc5 g5 38. Rd1 Rc8 39. Qd6 Qxd6 40. exd6 Kf7
41. Re1 Bd7 42. Ra1 h5 43. Ra7 Ke8 44. Bc5 Rc6 45. Bxe6 Bxe6 46. Re7+ Kd8 47.
Rxe6 g4 48. Rf6 gxh3+ 49. Kxh3 Bc1 50. b4 f4 51. Rh6 Kd7 52. Rxh5 Rc8 53. d5
Be3 54. Rh7+ Kd8 55. d7 Rc7 56. d6 Rc6 57. Bxe3 fxe3 58. Re7 Rc4 59. Rxe3 Rxb4
60. Re7 Rd4 61. Re5 b4 62. Rb5 Kxd7 63. Rb6 Ke6 64. Kg3 Rxd6 65. Rxb4 Rd5 66.
Kg4 Kf6 67. Rb6+ Kf7 68. f4 Ra5 69. f5 Ra1 70. Rb7+ Kf6 71. Rb6+ Kf7 72. Rb7+
Kf6 73. Rb6+ Kf7 74. Rb7+ Kf6 75. Rb6+ Kf7 76. Rb7+ 1/2-1/2

[Event "Epinal-Obernai"]
[Site "Besancon"]
[Date "2008.03.15"]
[Round "8.3"]
[White "Spielmann, Alain"]
[Black "Brunstein, Sandrine"]
[Result "1-0"]
[WhiteElo "2279"]
[BlackElo "2076"]
[PlyCount "107"]
[EventDate "2008.03.15"]
[SourceDate "2007.10.27"]

1. Nf3 Nf6 2. g3 e6 3. Bg2 d5 4. O-O Be7 5. d3 O-O 6. Nbd2 b5 7. e4 dxe4 8.
dxe4 Nbd7 9. e5 Nd5 10. Re1 N7b6 11. Qe2 Bd7 12. h4 Rb8 13. Ne4 h6 14. Nh2 Nc4
15. Ng4 h5 16. Nh2 Nxe5 17. Qxh5 f5 18. Ng5 Nf6 19. Qe2 Bd6 20. Bf4 Nf7 21.
Bxd6 cxd6 22. Nxe6 Bxe6 23. Qxe6 g6 24. Nf3 Re8 25. Qb3 Ne4 26. Ng5 Nexg5 27.
Rxe8+ Qxe8 28. hxg5 Kg7 29. f4 Rc8 30. Kf1 b4 31. Qd3 Qa4 32. b3 Qa5 33. Re1
Rc3 34. Qd4+ Kf8 35. Bd5 Qc5 36. Qxc5 Rxc5 37. Bc4 d5 38. Bd3 Ra5 39. Re6 Kg7
40. g4 d4 41. gxf5 gxf5 42. Rf6 Rxa2 43. Rxf5 a5 44. Rd5 a4 45. bxa4 Rxa4 46.
Rxd4 Ra1+ 47. Kg2 Rb1 48. Rd7 Kf8 49. Bc4 Nh8 50. f5 Re1 51. Rd8+ Re8 52. Rxe8+
Kxe8 53. Kf3 Ke7 54. Ke4 1-0

[Event "Epinal-Obernai"]
[Site "Besancon"]
[Date "2008.03.15"]
[Round "8.5"]
[White "Grenouilloux, Alain"]
[Black "Grandidier, Raphael"]
[Result "0-1"]
[WhiteElo "2117"]
[BlackElo "2009"]
[PlyCount "66"]
[EventDate "2008.03.15"]
[SourceDate "2007.10.27"]

1. d4 Nf6 2. Nf3 c5 3. g3 g6 4. Bg2 Bg7 5. c3 O-O 6. O-O d5 7. dxc5 Ne4 8. Ng5
Nxg5 9. Bxg5 h6 10. Be3 e6 11. Na3 Nc6 12. Qd2 Kh7 13. Rfd1 Qf6 14. Rac1 Rd8
15. f4 d4 16. Bxc6 bxc6 17. Bxd4 e5 18. fxe5 Qe7 19. Qf4 Be6 20. b3 Rd7 21. Nc2
h5 22. Be3 Rxd1+ 23. Rxd1 Bg4 24. Rf1 Rf8 25. Nd4 f6 26. exf6 Rxf6 27. Qg5
Rxf1+ 28. Kxf1 Qe4 29. Kg1 Qb1+ 30. Kg2 Bh3+ 31. Kf3 Qf1+ 32. Ke4 Qb1+ 33. Kf3
Qh1+ 0-1

[Event "Epinal-Obernai"]
[Site "Besancon"]
[Date "2008.03.15"]
[Round "8.6"]
[White "Krauss, Bernard"]
[Black "Bakalarz, Grazyna"]
[Result "1/2-1/2"]
[WhiteElo "1937"]
[BlackElo "2041"]
[PlyCount "137"]
[EventDate "2008.03.15"]
[SourceDate "2007.10.27"]

1. e4 g6 2. d4 Bg7 3. Nc3 c6 4. Nf3 d5 5. e5 Bg4 6. h3 Bxf3 7. Qxf3 f6 8. Bf4
Nd7 9. Qe3 fxe5 10. dxe5 Qb6 11. Qg3 d4 12. Nd1 Qa5+ 13. c3 dxc3 14. Nxc3 Bxe5
15. Be2 Ngf6 16. Bxe5 Qxe5 17. Qxe5 Nxe5 18. O-O O-O-O 19. f4 Nd3 20. Bxd3 Rxd3
21. Rae1 Kd7 22. g4 Rxh3 23. Rd1+ Kc7 24. g5 Ng4 25. Rfe1 Rg3+ 26. Kf1 Re3 27.
Rc1 Rxe1+ 28. Rxe1 Kd7 29. Kg2 h5 30. gxh6 Rxh6 31. Ne4 b6 32. Ng5 Nf6 33. Kg3
Rh5 34. Nf7 Rb5 35. Ne5+ Kd6 36. b3 Rb4 37. Nc4+ Kd7 38. Ne5+ Kd6 39. Nc4+ Kd7
40. Ne5+ Kc7 41. Nxg6 Nh5+ 42. Kf3 Kd6 43. f5 a5 44. Re6+ Kc5 45. Nxe7 a4 46.
Rxc6+ Kb5 47. bxa4+ Rxa4 48. Rh6 Ng7 49. f6 Ne6 50. Rh5+ Kc4 51. Rh2 b5 52. Kg4
b4 53. Kf5 Nf8 54. Ke4 Ra6 55. Rc2+ Kb5 56. Nd5 Re6+ 57. Kf5 Rd6 58. Nc7+ Ka4
59. f7 Nd7 60. Ne6 Rd5+ 61. Kf4 Rd1 62. Rf2 Ka3 63. f8=Q Nxf8 64. Nxf8 Ra1 65.
Ne6 Rxa2 66. Rxa2+ Kxa2 67. Nd4 Kb2 68. Ke4 Kc3 69. Ke3 1/2-1/2

[Event "Epinal-Obernai"]
[Site "Besancon"]
[Date "2008.03.15"]
[Round "8.7"]
[White "Baujard, Anne"]
[Black "Riotte, Christian"]
[Result "1-0"]
[WhiteElo "1927"]
[BlackElo "2035"]
[PlyCount "173"]
[EventDate "2008.03.15"]
[SourceDate "2007.10.27"]

1. c4 Nf6 2. g3 e6 3. Bg2 d5 4. cxd5 exd5 5. d4 Be7 6. Nf3 O-O 7. O-O c6 8. a3
Re8 9. b4 a6 10. Nbd2 Bd6 11. Nb3 Nbd7 12. Qd3 Qe7 13. Re1 Qe4 14. Qxe4 Nxe4
15. Nc5 Nc3 16. e3 Nb6 17. Nd2 f5 18. Ndb3 Nc4 19. Nd2 Nb6 20. Bb2 Nca4 21. Ra2
a5 22. Ndb3 axb4 23. axb4 Nxb2 24. Rxb2 Nc4 25. Rbb1 b6 26. Nd3 Bb7 27. Ra1
Rxa1 28. Rxa1 Ra8 29. Bh3 Rxa1+ 30. Nxa1 g6 31. Nc2 Ba6 32. Bf1 Nd2 33. Be2 Ne4
34. Nf4 b5 35. Nd3 Bc8 36. Bf1 Kf7 37. f3 Nc3 38. Bh3 Kf6 39. Kg2 g5 40. Kf2
Be6 41. Bf1 Bf7 42. Na1 Bg6 43. Nb3 f4 44. Na5 Be8 45. exf4 gxf4 46. Nb7 fxg3+
47. hxg3 Bc7 48. Ndc5 h6 49. Bh3 Ke7 50. Bf5 Na2 51. Na6 Bd6 52. Nxd6 Kxd6 53.
Ke3 Nc3 54. Kd2 Na4 55. Bc2 Nb6 56. Ke3 Ke6 57. Kf4 Kf6 58. Nb8 Na4 59. Na6 Nc3
60. Ke3 Kg5 61. Kd2 Na4 62. Nc7 Bd7 63. Na6 Nb6 64. Nb8 Nc4+ 65. Ke2 Be8 66.
Bh7 Nd6 67. Bd3 Nc4 68. Na6 Nb6 69. Nc5 Kf6 70. Ke3 Nc8 71. Kf4 Ne7 72. Na6 Bd7
73. Nb8 Be8 74. Ke3 Ke6 75. Kf4 Kd6 76. Bf1 Bg6 77. Bh3 Be8 78. Na6 Bg6 79. Nc5
Bf7 80. Nb7+ Kc7 81. Nc5 Kd6 82. Nd3 Ng6+ 83. Kf5 Ne7+ 84. Kf6 Bh5 85. Ne5 Ng8+
86. Kg7 Ne7 87. Kxh6 {suite illisible} 1-0

[Event "Epinal-Obernai"]
[Site "Besancon"]
[Date "2008.03.15"]
[Round "8.8"]
[White "Koehler, Jerome"]
[Black "Vincent, Bernard"]
[Result "1-0"]
[WhiteElo "2038"]
[BlackElo "1843"]
[PlyCount "89"]
[EventDate "2008.03.15"]
[SourceDate "2007.10.27"]

1. e4 e6 2. Nf3 d5 3. e5 c5 4. b4 cxb4 5. a3 Nc6 6. axb4 Bxb4 7. c3 Be7 8. d4
Qc7 9. Bf4 Bd7 10. Bd3 Rc8 11. Qe2 a6 12. O-O Na5 13. Na3 Bxa3 14. Rxa3 Nc4 15.
Raa1 Bb5 16. Rfb1 h6 17. h4 Ne7 18. h5 Nc6 19. g4 Qe7 20. Re1 Na7 21. Bg3 Na3
22. Bh4 Qf8 23. Rec1 Bxd3 24. Qxd3 N7b5 25. Nd2 Nc4 26. Nb3 Rc7 27. Na5 Kd7 28.
Rcb1 Qc8 29. Nb3 b6 30. Nd2 Nba3 31. Rxa3 Nxa3 32. Rxb6 Nc4 33. Nxc4 Rxc4 34.
Rd6+ Kc7 35. Qf3 f5 36. gxf5 exf5 37. Qxd5 Rxc3 38. Qa5+ Kb8 39. e6 f4 40. Rb6+
Ka7 41. Rd6 Rc6 42. Rd7+ Ka8 43. d5 Rc1+ 44. Kh2 Qc4 45. Qb6 1-0

[Event "Grenoble-Metz Fischer II"]
[Site "Besancon"]
[Date "2008.03.15"]
[Round "8.1"]
[White "Broca, Alexandre"]
[Black "Gladyszev, Oleg"]
[Result "0-1"]
[WhiteElo "2149"]
[BlackElo "2485"]
[PlyCount "64"]
[EventDate "2008.03.15"]
[SourceDate "2007.10.27"]

1. d4 Nf6 2. c4 g6 3. Nc3 Bg7 4. e4 d6 5. Nf3 O-O 6. Be2 e5 7. O-O Nc6 8. d5
Ne7 9. Ne1 Nd7 10. Nd3 f5 11. Bd2 Nf6 12. f3 f4 13. c5 g5 14. cxd6 cxd6 15. Nf2
h5 16. h3 Ng6 17. Qc2 Rf7 18. Rfc1 Nh4 19. a4 Bf8 20. Ra3 g4 21. fxg4 hxg4 22.
Bxg4 Rg7 23. Be1 Nxg4 24. Nxg4 Bxg4 25. hxg4 Rxg4 26. Bxh4 Qxh4 27. Nb5 Be7 28.
Rc3 Bd8 29. a5 Bxa5 30. Rc8+ Rxc8 31. Qxc8+ Kh7 32. Qf5+ Rg6 0-1

[Event "Grenoble-Metz Fischer II"]
[Site "Besancon"]
[Date "2008.03.15"]
[Round "8.2"]
[White "Souleidis, Georgios"]
[Black "Forgues, Fabien"]
[Result "1-0"]
[WhiteElo "2413"]
[BlackElo "2146"]
[PlyCount "65"]
[EventDate "2008.03.15"]
[SourceDate "2007.10.27"]

1. e4 e5 2. Nf3 Nc6 3. Bc4 Bc5 4. c3 Nf6 5. d3 d6 6. Bb3 Bb6 7. Nbd2 Ne7 8. Nc4
Ng6 9. h3 c6 10. Nxb6 Qxb6 11. O-O h6 12. Re1 O-O 13. d4 Qc7 14. dxe5 dxe5 15.
Nh2 b6 16. Qf3 Qe7 17. Nf1 Nh4 18. Qe2 g5 19. Ng3 Kh7 20. Bc2 Rg8 21. Nf5 Nxf5
22. exf5 e4 23. g4 Re8 24. f4 gxf4 25. Bxf4 Rg8 26. Kh1 c5 27. Qf2 Nxg4 28.
hxg4 Rxg4 29. f6 Qxf6 30. Bxe4+ Kg7 31. Rg1 Rb8 32. Rxg4+ Bxg4 33. Qg3 1-0

[Event "Grenoble-Metz Fischer II"]
[Site "Besancon"]
[Date "2008.03.15"]
[Round "8.4"]
[White "Carrillo, Jesus"]
[Black "Calin, Miguel"]
[Result "1-0"]
[WhiteElo "2164"]
[BlackElo "2019"]
[PlyCount "69"]
[EventDate "2008.03.15"]
[SourceDate "2007.10.27"]

1. e4 e6 2. d4 d5 3. e5 c5 4. c3 Qb6 5. Nf3 Nc6 6. Be2 Bd7 7. O-O Nh6 8. dxc5
Bxc5 9. b4 Bf8 10. Bd3 Ng4 11. Qe2 f6 12. exf6 Nxf6 13. b5 Na5 14. Ne5 Bc5 15.
Bg5 O-O-O 16. Nf7 Rdf8 17. Nxh8 Rxh8 18. Nd2 Qd6 19. Nf3 h6 20. Bh4 Nh5 21. Bg3
Nxg3 22. hxg3 Qxg3 23. Ne5 Rf8 24. Rae1 Rf4 25. Nxd7 Rg4 26. Qxg4 Qxg4 27. Nxc5
Nc4 28. Bxc4 Qxc4 29. Nxe6 g5 30. Nd4 g4 31. Nf5 Qxa2 32. Re7 h5 33. Rfe1 a5
34. Nd6+ Kd8 35. Rxb7 1-0

[Event "Grenoble-Metz Fischer II"]
[Site "Besancon"]
[Date "2008.03.15"]
[Round "8.5"]
[White "Tching Sin, Olivier"]
[Black "Staeger, Pascal"]
[Result "1/2-1/2"]
[WhiteElo "2034"]
[BlackElo "2099"]
[PlyCount "66"]
[EventDate "2008.03.15"]
[SourceDate "2007.10.27"]

1. e4 d5 2. exd5 Qxd5 3. Nc3 Qd6 4. d4 Nf6 5. Nf3 a6 6. Bc4 b5 7. Bb3 Bb7 8.
O-O e6 9. Re1 Be7 10. Ne5 O-O 11. Bf4 Qd8 12. Qd3 Nbd7 13. Rad1 Nb6 14. Qh3
Nbd5 15. Ne2 Nxf4 16. Nxf4 Nd5 17. Nxe6 fxe6 18. Qxe6+ Kh8 19. Nf7+ Rxf7 20.
Qxf7 Bf6 21. Rd3 Qg8 22. Qh5 g6 23. Qg4 Re8 24. Rde3 Rxe3 25. fxe3 Qe8 26. c3
Qe7 27. e4 c5 28. Bxd5 Bxd5 29. Qc8+ Kg7 30. Qxc5 Qxc5 31. dxc5 Bc6 32. Kf2 Be7
33. b4 Kf6 1/2-1/2

[Event "Grenoble-Metz Fischer II"]
[Site "Besancon"]
[Date "2008.03.15"]
[Round "8.6"]
[White "Hartmann, Dominique"]
[Black "Mahon, Vivien"]
[Result "1-0"]
[WhiteElo "1966"]
[BlackElo "1971"]
[PlyCount "53"]
[EventDate "2008.03.15"]
[SourceDate "2007.10.27"]

1. d4 d5 2. Nf3 Nf6 3. e3 e6 4. Bd3 c5 5. b3 cxd4 6. exd4 Bd6 7. Bb2 Nc6 8.
Nbd2 Nb4 9. Be2 O-O 10. a3 Nc6 11. Bd3 Bd7 12. O-O Rc8 13. Re1 Re8 14. Ne5 Ne7
15. Ndf3 Ng6 16. Ng5 Rf8 17. Qf3 Qe7 18. Qh3 Nf4 19. Bxh7+ Kh8 20. Qh4 N6h5 21.
Bc1 g6 22. Bxf4 Kg7 23. Nxd7 Bxf4 24. Nxe6+ fxe6 25. Qxe7+ Rf7 26. Qxe6 Rc6 27.
Qe8 1-0

[Event "Grenoble-Metz Fischer II"]
[Site "Besancon"]
[Date "2008.03.15"]
[Round "8.7"]
[White "Schmittheisler, Guillaume"]
[Black "Joly, Laurent"]
[Result "1/2-1/2"]
[WhiteElo "1826"]
[BlackElo "2038"]
[PlyCount "73"]
[EventDate "2008.03.15"]
[SourceDate "2007.10.27"]

1. e4 c5 2. Nf3 d6 3. d4 cxd4 4. Nxd4 Nf6 5. Nc3 a6 6. Bg5 e6 7. f4 Be7 8. Qf3
Qc7 9. O-O-O Nbd7 10. Bd3 b5 11. Rhe1 Bb7 12. Qg3 b4 13. Nd5 exd5 14. exd5 Kd8
15. Nf5 Bf8 16. Qe3 Kc8 17. Qe8+ Qd8 18. Qxf7 Bxd5 19. Qxd5 Nxd5 20. Bxd8 Kxd8
21. Be4 N5b6 22. Bxa8 Nxa8 23. Nxd6 Bxd6 24. Rxd6 Nab6 25. g4 Rf8 26. f5 a5 27.
Ree6 Kc7 28. Rc6+ Kb7 29. h4 Rf7 30. c4 Na4 31. Rcd6 Nac5 32. Re3 a4 33. Rde6
Nxe6 34. fxe6 Rf1+ 35. Kd2 Nf6 36. e7 Ne8 37. Rd3 1/2-1/2

[Event "Grenoble-Metz Fischer II"]
[Site "Besancon"]
[Date "2008.03.15"]
[Round "8.8"]
[White "Lupfer, Anny"]
[Black "Hourlier, Claire"]
[Result "0-1"]
[WhiteElo "1746"]
[BlackElo "1920"]
[PlyCount "80"]
[EventDate "2008.03.15"]
[SourceDate "2007.10.27"]

1. d4 Nf6 2. Nf3 e6 3. Bf4 b6 4. e3 Bb7 5. a3 Be7 6. c4 Ne4 7. Be2 d6 8. Nc3
Nd7 9. O-O g5 10. Bg3 Ndf6 11. Qa4+ Qd7 12. Qxd7+ Nxd7 13. Nb5 Bd8 14. Rfd1 h5
15. h4 a6 16. Nc3 Nxg3 17. fxg3 gxh4 18. Nxh4 Rg8 19. Bxh5 Bxh4 20. gxh4 Rxg2+
21. Kf1 Rh2 22. d5 e5 23. Be2 Rxh4 24. Kf2 Ke7 25. Rg1 Rah8 26. Raf1 Nf6 27.
Ke1 Rg8 28. Kd2 Rxg1 29. Rxg1 Bc8 30. Rg2 Bf5 31. b4 Ne4+ 32. Nxe4 Bxe4 33. Rf2
f5 34. Bf1 Kf6 35. Kc3 Kg5 36. Rd2 Rh1 37. Rd1 Bf3 38. Re1 Bg2 39. c5 Rxf1 40.
Rxf1 Bxf1 0-1

[Event "Reims Echec et Mat-Montrevel en Bresse"]
[Site "Besancon"]
[Date "2008.03.15"]
[Round "8.1"]
[White "Camus, Berenger"]
[Black "Lamoureux, Charles"]
[Result "0-1"]
[WhiteElo "2154"]
[BlackElo "2354"]
[PlyCount "68"]
[EventDate "2008.03.15"]
[SourceDate "2007.10.27"]

1. d4 Nf6 2. c4 c5 3. d5 e5 4. Nc3 d6 5. g3 g6 6. Bh3 Nbd7 7. e4 a6 8. a4 Bg7
9. Be3 Rb8 10. Nge2 h5 11. f3 Nb6 12. Bxc8 Nxc4 13. Bg5 Qxc8 14. a5 b6 15. Qa4+
b5 16. Qa2 Nh7 17. Bc1 Bf6 18. b3 b4 19. bxc4 bxc3 20. Nxc3 Bg5 21. h4 Bxc1 22.
Rxc1 O-O 23. Rb1 Rb4 24. Rxb4 cxb4 25. Na4 Nf6 26. O-O Nd7 27. Qb3 Nc5 28. Qxb4
Nxa4 29. Qxa4 Qh3 30. Kf2 Qh2+ 31. Ke3 Rb8 32. Rf2 Qg1 33. Qc2 Rb1 34. c5 Rc1
0-1

[Event "Reims Echec et Mat-Montrevel en Bresse"]
[Site "Besancon"]
[Date "2008.03.15"]
[Round "8.2"]
[White "Ivanov, Jordan"]
[Black "Varoquier, Romain"]
[Result "1-0"]
[WhiteElo "2371"]
[BlackElo "2068"]
[PlyCount "99"]
[EventDate "2008.03.15"]
[SourceDate "2007.10.27"]

1. Nf3 d5 2. c4 e6 3. d4 Nf6 4. Nc3 c5 5. e3 a6 6. cxd5 exd5 7. Be2 Nc6 8. O-O
Bd6 9. dxc5 Bxc5 10. b3 O-O 11. Na4 Ba7 12. Ba3 Re8 13. Bc5 b6 14. Ba3 Ne4 15.
Rc1 Bb7 16. Nc3 b5 17. Bb2 Nf6 18. Nb1 h6 19. Nd4 Ne5 20. Nd2 Qd7 21. N2f3 Ng6
22. Ne1 Ne5 23. Nd3 Nxd3 24. Bxd3 Bb8 25. Nf5 Be5 26. Bxe5 Rxe5 27. Nd4 Rae8
28. Qc2 Bc8 29. Qc7 Qg4 30. Nf3 Rh5 31. h3 Rxh3 32. Ne5 Qh5 33. Qxf7+ Qxf7 34.
Nxf7 Kxf7 35. Rc7+ Bd7 36. gxh3 Re5 37. Rfc1 Rg5+ 38. Kh2 Rh5 39. Bf1 Ke8 40.
Ra7 d4 41. exd4 Rh4 42. Rxa6 Rxd4 43. Rb6 Rd2 44. Re1+ Kd8 45. Re2 Rd1 46. Bg2
Nh5 47. Bf3 Rd3 48. Rb8+ Kc7 49. Rb7+ Kc8 50. Rc2+ 1-0

[Event "Reims Echec et Mat-Montrevel en Bresse"]
[Site "Besancon"]
[Date "2008.03.15"]
[Round "8.3"]
[White "Garcia, Gilles"]
[Black "Todorov, Ognjan"]
[Result "0-1"]
[WhiteElo "2016"]
[BlackElo "2313"]
[PlyCount "35"]
[EventDate "2008.03.15"]
[SourceDate "2007.10.27"]

1. d4 c5 2. d5 Nf6 3. Nc3 g6 4. e4 d6 5. f4 Bg7 6. Nf3 O-O 7. Be2 b5 8. Bxb5
Nxe4 9. Nxe4 Qa5+ 10. Nc3 Bxc3+ 11. bxc3 Qxb5 12. Nh4 Nd7 13. f5 Qc4 14. Nf3
Nf6 15. Bh6 Qxc3+ 16. Nd2 Qe5+ 17. Kf2 Qxf5+ 18. Ke2 0-1

[Event "Reims Echec et Mat-Montrevel en Bresse"]
[Site "Besancon"]
[Date "2008.03.15"]
[Round "8.4"]
[White "Lamoureux, Izabelle"]
[Black "Castanier, Carl"]
[Result "1-0"]
[WhiteElo "2095"]
[BlackElo "1978"]
[PlyCount "103"]
[EventDate "2008.03.15"]
[SourceDate "2007.10.27"]

1. e4 e5 2. Nf3 Nc6 3. d4 exd4 4. Bc4 Bc5 5. c3 Qf6 6. O-O Nge7 7. Bg5 Qg6 8.
b4 Bd6 9. e5 Nxe5 10. Nxe5 Bxe5 11. Bxe7 Qh6 12. g3 Kxe7 13. Re1 Kd6 14. cxd4
Bf6 15. Nc3 c6 16. b5 Kc7 17. Rb1 d5 18. Bf1 Bf5 19. Rb2 Rae8 20. Ne2 Bd7 21.
bxc6 Bxc6 22. Qd3 Re4 23. Reb1 Rhe8 24. Qc3 b6 25. Rc2 R8e6 26. a4 Kb7 27. Qd3
Bd8 28. Bg2 Qh5 29. Bxe4 dxe4 30. Qe3 Rh6 31. h4 g5 32. Rbc1 f5 33. d5 Bd7 34.
Qd4 Qe8 35. Kf1 f4 36. Qg7 Rg6 37. Qxh7 e3 38. hxg5 fxg3 39. f4 Ka6 40. Nxg3
Rg8 41. Qd3+ Kb7 42. Ne4 Bh3+ 43. Ke2 Bg4+ 44. Kxe3 Rh8 45. Kd4 Qd7 46. Rc6
Qg7+ 47. Nf6 Be7 48. Qe4 Bc5+ 49. R1xc5 bxc5+ 50. Kxc5 Rh3 51. Nxg4 Qc3+ 52.
Qc4 1-0

[Event "Reims Echec et Mat-Montrevel en Bresse"]
[Site "Besancon"]
[Date "2008.03.15"]
[Round "8.5"]
[White "Billon, Olivier"]
[Black "Cavillon, Fabien"]
[Result "1/2-1/2"]
[WhiteElo "1914"]
[BlackElo "2110"]
[PlyCount "66"]
[EventDate "2008.03.15"]
[SourceDate "2007.10.27"]

1. e4 e6 2. d4 d5 3. Nc3 Bb4 4. e5 c5 5. a3 Bxc3+ 6. bxc3 Qc7 7. Nf3 b6 8. a4
Ne7 9. h4 Ba6 10. Bb5+ Bxb5 11. axb5 a5 12. bxa6 Rxa6 13. Rxa6 Nxa6 14. Qe2 Nb8
15. h5 h6 16. O-O Nd7 17. Nh4 cxd4 18. cxd4 Qc3 19. Be3 O-O 20. Qg4 Kh7 21. Ng6
Re8 22. Nxe7 Rxe7 23. Qe2 Nb8 24. Qb5 Qc6 25. Qb4 Rb7 26. Rc1 b5 27. Qf8 Nd7
28. Qxf7 Nxe5 29. Qf8 Ng4 30. Ra1 Qxc2 31. Qe8 Nxe3 32. fxe3 Qe4 33. Ra8 Qxe3+
1/2-1/2